Huling hudhud ng sanlibong pagbabalik at paglimot para sa Filipinas kong mahal / (Record no. 17557)
[ view plain ]
| 000 -LEADER | |
|---|---|
| fixed length control field | 00903cam a22003017a 4500 |
| 001 - CONTROL NUMBER | |
| control field | 15792317 |
| 003 - CONTROL NUMBER IDENTIFIER | |
| control field | OSt |
| 005 - DATE AND TIME OF LATEST TRANSACTION | |
| control field | 20140310182932.0 |
| 008 - FIXED-LENGTH DATA ELEMENTS--GENERAL INFORMATION | |
| fixed length control field | 090626s2009 ph a 000 0 tgl |
| 010 ## - LIBRARY OF CONGRESS CONTROL NUMBER | |
| LC control number | 2009316658 |
| 020 ## - INTERNATIONAL STANDARD BOOK NUMBER | |
| International Standard Book Number | 9789715848411 |
| 040 ## - CATALOGING SOURCE | |
| Original cataloging agency | DLC |
| Transcribing agency | DLC |
| Modifying agency | DLC |
| 042 ## - AUTHENTICATION CODE | |
| Authentication code | lcode |
| 050 00 - LIBRARY OF CONGRESS CALL NUMBER | |
| Classification number | PL 5531 |
| Item number | .Al444 2008 |
| 082 ## - DEWEY DECIMAL CLASSIFICATION NUMBER | |
| Classification number | FIL 398.21599 |
| Item number | Al6 2009 |
| 100 1# - MAIN ENTRY--PERSONAL NAME | |
| Personal name | Alma, Rio. |
| 245 10 - TITLE STATEMENT | |
| Title | Huling hudhud ng sanlibong pagbabalik at paglimot para sa Filipinas kong mahal / |
| Statement of responsibility, etc | Rio Alma. |
| 260 ## - PUBLICATION, DISTRIBUTION, ETC. (IMPRINT) | |
| Place of publication, distribution, etc | Quezon City: |
| Name of publisher, distributor, etc | Ce & E Pub., |
| Date of publication, distribution, etc | c2009. |
| 300 ## - PHYSICAL DESCRIPTION | |
| Extent | 181 p. : |
| Other physical details | col. ill. ; |
| Dimensions | 22 cm. |
| 650 ## - SUBJECT ADDED ENTRY--TOPICAL TERM | |
| Topical term or geographic name as entry element | Philippine literature. |
| 650 ## - SUBJECT ADDED ENTRY--TOPICAL TERM | |
| Topical term or geographic name as entry element | Folk literature |
| General subdivision | Philippines. |
| 650 ## - SUBJECT ADDED ENTRY--TOPICAL TERM | |
| Topical term or geographic name as entry element | Epic |
| General subdivision | Literature |
| -- | Philippines. |
| 906 ## - LOCAL DATA ELEMENT F, LDF (RLIN) | |
| a | 7 |
| b | cbc |
| c | origode |
| d | 4 |
| e | ncip |
| f | 20 |
| g | y-gencatlg |
| 942 ## - ADDED ENTRY ELEMENTS (KOHA) | |
| Source of classification or shelving scheme | Library of Congress Classification |
| Koha item type | Books |
| Call number prefix | Local |
| Withdrawn status | Lost status | Source of classification or shelving scheme | Damaged status | Home library | Current library | Shelving location | Date acquired | Total Checkouts | Full call number | Barcode | Date last seen | Copy number | Price effective from | Koha item type |
|---|---|---|---|---|---|---|---|---|---|---|---|---|---|---|
| Library of Congress Classification | College Library | College Library | Filipiniana Section | 05/14/2013 | PL 5531 .Al444 2008 | C10683 | 05/08/2018 | 1 | 03/10/2014 | Books | ||||
| Library of Congress Classification | College Library | College Library | Filipiniana Section | 12/14/2013 | PL 5531 .Al444 2008 | C10684 | 05/08/2018 | 2 | 12/14/2013 | Books |